00414nam a2200145Ia 450000500170000000800410001702000230005804000090008108200190009010000170010924500490012626000450017530000220022050000260024220230803111908.0220623s9999 xx 000 0 und d a9781786372918qpbk c3228 aJ 302.343 DUHI aDuhig, Holly 0aTopics to Talk About : Dealing With Bullying aKing's Lynn:bBooklife Publishing,c2018 a24 Pagesc22.5 cm aColoured Illustration